000 00569nam a2200229Ia 4500
003 OSt
005 20221005133111.0
006 a|||||r|||| 00| 0
007 ta
008 221004b |||||||| |||| 00| 0 mal d
024 _a57604
037 _cTextual
040 _aCRL
_cCRL
_bmal
041 _2mal
_amal
082 _aO32,6M86,1, K2
100 _aMenon Kesava Au.
245 0 _aVijazathikku
260 _c1962
650 _aMALAYALAM PROSE
_9187524
942 _hO32,6M86,1, K2
_cTEXL
_2cc
999 _c1065735
_d1065735